Learning Resource and Development

Global sport management : (Record no. 26830)

MARC details
000 -LEADER
fixed length control field 03336nam a2200313 i 4500
003 - CONTROL NUMBER IDENTIFIER
control field CSPC
005 - DATE AND TIME OF LATEST TRANSACTION
control field 20240124134710.0
008 - FIXED-LENGTH DATA ELEMENTS--GENERAL INFORMATION
fixed length control field 240111s2017 enka b 001 0 eng
010 ## - LIBRARY OF CONGRESS CONTROL NUMBER
LC control number 2016029645
020 ## - INTERNATIONAL STANDARD BOOK NUMBER
International Standard Book Number 9781138317680
040 ## - CATALOGING SOURCE
Transcribing agency CSPC
Original cataloging agency CSPC
Language of cataloging eng
Description conventions rda
050 00 - LIBRARY OF CONGRESS CALL NUMBER
Classification number GV713
Item number .G58 2017
082 00 - DEWEY DECIMAL CLASSIFICATION NUMBER
Classification number 796.069
Item number G510
Edition number 23
245 00 - TITLE STATEMENT
Title Global sport management :
Remainder of title contemporary issues and inquiries /
Statement of responsibility, etc. edited by Brenda G. Pitts and James J. Zhang.
264 #1 - PRODUCTION, PUBLICATION, DISTRIBUTION, MANUFACTURE, AND COPYRIGHT NOTICE
Place of production, publication, distribution, manufacture Abingdon, Oxon :
Name of producer, publisher, distributor, manufacturer Routledge,
Date of production, publication, distribution, manufacture, or copyright notice 2017.
300 ## - PHYSICAL DESCRIPTION
Extent xiii, 291 pages :
Other physical details illustrations ;
Dimensions 24 cm.
336 ## - CONTENT TYPE
Source rdacontent
Content type term text
337 ## - MEDIA TYPE
Source rdamedia
Media type term unmediated
338 ## - CARRIER TYPE
Source rdacarrier
Carrier type term volume
490 0# - SERIES STATEMENT
Series statement World Association for sport management
504 ## - BIBLIOGRAPHY, ETC. NOTE
Bibliography, etc. note Includes bibliographical references and index.
505 0# - FORMATTED CONTENTS NOTE
Formatted contents note Introduction : the WASM foundation stone / Brenda G. Pitts and James J. Zhang -- Internationalized sport management education : bridging the gaps / Robert Baker, Karen Danylchuk, Andy Gillentine, Paul Jonson, Brenda Pitts, James J. Zhang -- The role of globalization, partnerships and technology in enhancing sports excellence in Africa / Peter Wanderi, Constance Nsibambi, Andanje Mwisukha, Paschal Soita, Kihumbu Thairu -- Public's perceptions on the dark side of elite sports and its influence on the willingness to support elite sports / Kirstin Hallmann, Christoph Breuer, Michael Ilgner, Thomas Giel -- The effective factors in the establishment of small and medium-sized sport enterprises / Seyed Morteza Azimzadeh and Brenda Pitts -- Enhancing corporate business relationship through hosting a running race event / Jinyu Shu and James Zhang -- Residents' perceived impact of China's 12th National Games on sport participation / Tyreal Yizhou Qian, Qingzao Liu, James Zhang -- High performance sport policies and climate in different Brazilian governmental levels / Flavia Bastos, M. Bohme, V. Debosscher -- Why do women choose to work in the management of professional baseball? / Maki Itoh and Mary Hums -- Volunteer identification and perceived fit associated with volunteer experience and behaviors / Jaeyeon Hwang, Yongsang Yoo, James Zhang -- Students' perceptions of forced crowdsourcing as social change / Mark Vermillion and Jordan Bass -- Impact of volunteer motivation on behavioral commitment to media center volunteerism during the London Olympic Games / Minhong Kim, N. David Pifer, May Kim, Steven Kim, Brenda Pitts, James Zhang -- From federal baseball to American needle : an empirical examination of the treatment of professional sport leagues under antitrust law / Cyntrice Thomas, Thomas Baker, Kevin Byon, Tyreal Qian, James Zhang -- Introducing Imre Lakatos' research programs in sport management / Jana Nova -- Knowledge of doping : how athletes learn about doping rules and practices / Stephen Moston, Terry Engelberg, Brendan Hutchinson -- The sports labor market : an empirical comparison between Belgium and Germany / Marijke Taks and Manfred Schubert.
650 #0 - SUBJECT ADDED ENTRY--TOPICAL TERM
Topical term or geographic name entry element Sports administration
Form subdivision Case studies.
650 #0 - SUBJECT ADDED ENTRY--TOPICAL TERM
Topical term or geographic name entry element Sports and globalization
Form subdivision Case studies.
700 1# - ADDED ENTRY--PERSONAL NAME
Personal name Pitts, Brenda G.,
Relator term editor.
700 1# - ADDED ENTRY--PERSONAL NAME
Personal name Zhang, James J.,
Relator term editor.
942 ## - ADDED ENTRY ELEMENTS (KOHA)
Source of classification or shelving scheme Dewey Decimal Classification
Koha item type Books
Classification part 796.069
Call number prefix CIR
Call number suffix 2017
Suppress in OPAC No
Holdings
Withdrawn status Lost status Source of classification or shelving scheme Damaged status Not for loan Home library Current library Shelving location Date acquired Total Checkouts Full call number Barcode Date last seen Copy number Price effective from Koha item type
    Dewey Decimal Classification     Main Library Main Library Circulation Section 01/11/2024   CIR 796.069 G510 2017 026750 01/11/2024 1-1 01/11/2024 Books